000 00470nam a2200169 i 4500
001 60783
003 ES-MaACL
005 20230906164314.0
007 t|
008 031106s1966 sp ||||1| spa d
100 1 _aEsplugas, Josep.
_947935
245 1 0 _aArca de cirosa /
_cJosep Esplugas ; próleg d'Octari Saltor.
260 _aBarcelona :
_b[s.n],
_c1966.
300 _a62 p. ;
_c18 cm.
700 1 _aSaltor, Octavi.
_9102045
852 _aES-MaACL
_jC-31726
_bR.62389
999 _c60783
_d60783